[Event "NED-ch KO (Women)"]
[Site "Venlo"]
[Date "2025.07.12"]
[Round "4.3"]
[White "Duson, Robin"]
[Black "Van Foreest, Machteld"]
[Result "0-1"]
[WhiteElo "2143"]
[BlackElo "2285"]
[PlyCount "108"]
[EventDate "2025.07.05"]
[EventType "k.o."]
[EventRounds "4"]
[EventCountry "NED"]
[SourceTitle "CB29_2025"]
[SourceDate "2025.07.16"]
[SourceVersion "1"]
[SourceVersionDate "2025.07.16"]
[SourceQuality "1"]

1. d4 d5 2. c4 e6 3. Nc3 Nf6 4. cxd5 exd5 5. Bg5 Be6 6. e3 c6 7. Bd3 Nbd7 8. h3 Be7 9. Nf3 0-0 10. 0-0 Ne8 11. Bxe7 Qxe7 12. Rb1 Nd6 13. b4 a6 14. a4 b5 15. e4 dxe4 16. Nxe4 Bd5 17. Nc5 Nb6 18. Re1 Qd8 19. Ne5 Qg5 20. Nf3 Qf4 21. Qd2 Qxd2 22. Nxd2 Nxa4 23. Nxa4 bxa4 24. Ra1 a5 25. Rxa4 axb4 26. Rxb4 Ra2 27. Ne4 Bxe4 28. Bxe4 Re8 29. Rbb1 Rd2 30. Bxc6 Rxe1+ 31. Rxe1 Rxd4 32. g3 g6 33. Kg2 h5 34. h4 Kg7 35. Rb1 Rd2 36. Bf3 Nf5 37. Be4 Ne3+ 38. Kf3 Ng4 39. Bb7 Rxf2+ 40. Ke4 Rc2 41. Rb3 Rf2 42. Bc6 Rf6 43. Bb7 Re6+ 44. Kd4 Re1 45. Be4 Nf6 46. Bf3 Ne8 47. Bc6 Nd6 48. Bd5 Nf5+ 49. Kc5 Rc1+ 50. Kb6 Rg1 51. Rc3 Nxg3 52. Rf3 Nf5 53. Kc5 Rc1+ 54. Kb5 Nd4+ 0-1

[Event "NED-ch KO (Women)"]
[Site "Venlo"]
[Date "2025.07.12"]
[Round "3.1"]
[White "Van Foreest, Machteld"]
[Black "Kazarian, Anna Maja"]
[Result "1-0"]
[WhiteElo "2285"]
[BlackElo "2260"]
[PlyCount "59"]
[EventDate "2025.07.05"]
[EventType "k.o."]
[EventRounds "4"]
[EventCountry "NED"]
[SourceTitle "CB29_2025"]
[SourceDate "2025.07.16"]
[SourceVersion "1"]
[SourceVersionDate "2025.07.16"]
[SourceQuality "1"]

1. e4 c5 2. Nf3 d6 3. d4 cxd4 4. Nxd4 Nf6 5. Nc3 a6 6. f4 e5 7. Nf3 Nbd7 8. a4 Qc7 9. g4 Nxg4 10. Nd5 Qd8 11. Rg1 Ndf6 12. Bc4 Nxd5 13. Qxd5 Qc7 14. Ng5 Nh6 15. fxe5 dxe5 16. Rf1 Be7 17. Nxf7 Bh3 18. Rf2 Bh4 19. Nd6+ Kd8 20. Ra3 Bd7 21. Nxb7+ Ke7 22. Bg5+ Bxg5 23. Rf7+ Ke8 24. Nd6+ Qxd6 25. Qxd6 Bh4+ 26. Kf1 Nxf7 27. Bxf7+ Kxf7 28. Qxd7+ Kg6 29. Qg4+ Bg5 30. Qf5+ 1-0

[Event "NED-ch KO (Women)"]
[Site "Venlo"]
[Date "2025.07.12"]
[Round "2.2"]
[White "Van Foreest, Machteld"]
[Black "Otten, Colleen"]
[Result "1/2-1/2"]
[WhiteElo "2285"]
[BlackElo "1999"]
[PlyCount "148"]
[EventDate "2025.07.05"]
[EventType "k.o."]
[EventRounds "4"]
[EventCountry "NED"]
[SourceTitle "CB29_2025"]
[SourceDate "2025.07.16"]
[SourceVersion "1"]
[SourceVersionDate "2025.07.16"]
[SourceQuality "1"]

1. e4 e5 2. Nf3 Nc6 3. Bc4 Nf6 4. d3 Bc5 5. c3 d6 6. Bb3 a5 7. h3 Ne7 8. 0-0 Ba7 9. Re1 Ng6 10. Be3 Bxe3 11. Rxe3 0-0 12. d4 Qe7 13. Nbd2 Bd7 14. a4 h6 15. Nc4 Bc6 16. Bc2 Rfe8 17. Re1 Qf8 18. Qb1 b6 19. b4 axb4 20. cxb4 Rad8 21. a5 bxa5 22. Rxa5 exd4 23. Nxd4 Ba8 24. Nd2 c5 25. N4f3 cxb4 26. Qxb4 d5 27. Qxf8+ Nxf8 28. e5 N6d7 29. Ba4 Re6 30. Nb3 Rb6 31. Rc1 Ne6 32. Bxd7 Rxb3 33. Bxe6 fxe6 34. Nd4 Rb6 35. Rc7 Rb7 36. Rxa8 Rb1+ 37. Kh2 Rxa8 38. Nxe6 g5 39. Rg7+ Kh8 40. Rd7 Re8 41. Nd8 Rb6 42. e6 Kg8 43. Kg3 Kf8 44. Rf7+ Kg8 45. Rd7 Kf8 46. f4 gxf4+ 47. Kxf4 Rexe6 48. Nxe6+ Rxe6 49. g4 Ra6 50. Kf5 Rb6 51. h4 Kg8 52. Rxd5 Rb4 53. Rd8+ Kg7 54. Rd7+ Kg8 55. Re7 Rb1 56. Kg6 Rb6+ 57. Kf5 Rb1 58. Kf6 Rb6+ 59. Re6 Rb4 60. g5 hxg5 61. Kg6 Rb8 62. hxg5 Ra8 63. Rb6 Rc8 64. Kh6 Ra8 65. Kg6 Rc8 66. Kf5 Ra8 67. Rc6 Rb8 68. Kf6 Ra8 69. g6 Rb8 70. g7 Ra8 71. Kg6 Ra6 72. Rf6 Ra8 73. Rf8+ Rxf8 74. gxf8Q+ Kxf8 1/2-1/2

[Event "London Menchik Memorial (Women) 10th"]
[Site "London"]
[Date "2025.03.23"]
[Round "7"]
[White "Schulze, Lara"]
[Black "Van Foreest, Machteld"]
[Result "1/2-1/2"]
[WhiteElo "2313"]
[BlackElo "2352"]
[PlyCount "114"]
[EventDate "2025.03.20"]
[EventType "tourn"]
[EventRounds "9"]
[EventCountry "ENG"]
[SourceTitle "CB13_2025"]
[SourceDate "2025.03.26"]
[SourceVersion "1"]
[SourceVersionDate "2025.03.26"]
[SourceQuality "1"]

1. e4 c5 2. Nf3 e6 3. c3 d5 4. exd5 exd5 5. Bb5+ Bd7 6. Bxd7+ Nxd7 7. 0-0 Bd6 8. d4 Ne7 9. Bg5 0-0 10. Bxe7 Bxe7 11. dxc5 Nxc5 12. Nbd2 Qb6 13. Nb3 Rfd8 14. Nxc5 Bxc5 15. Qd2 d4 16. b4 Be7 17. Nxd4 Bxb4 18. Rab1 Bxc3 19. Qxc3 Qxd4 20. Qxd4 Rxd4 21. Rxb7 Rd2 22. Rfb1 Rad8 23. Rb8 g6 24. Rxd8+ Rxd8 25. g3 Rd2 26. a4 Rd4 27. h4 Rxa4 28. Rb8+ Kg7 29. Ra8 h5 30. Kg2 Kf6 31. Kf3 Kf5 32. Rc8 Ra3+ 33. Kg2 Ra5 34. Ra8 Ke4 35. Re8+ Kd4 36. Re7 f6 37. Re6 g5 38. Rxf6 g4 39. f3 Ra2+ 40. Kg1 Ke5 41. Rf7 Ke6 42. Rf8 Ra3 43. Re8+ Kf6 44. Rh8 Ra1+ 45. Kf2 Ra2+ 46. Kf1 gxf3 47. Rf8+ Ke5 48. Rxf3 a5 49. Rf8 Ke4 50. Rh8 Kf3 51. Ke1 Re2+ 52. Kd1 Re5 53. Rg8 a4 54. Kc2 a3 55. Kb3 Kg2 56. Rg5 Re3+ 57. Ka2 Rxg3 1/2-1/2

[Event "London Menchik Memorial (Women) 10th"]
[Site "London"]
[Date "2025.03.23"]
[Round "8"]
[White "Van Foreest, Machteld"]
[Black "Unuk, Laura"]
[Result "0-1"]
[WhiteElo "2352"]
[BlackElo "2301"]
[PlyCount "108"]
[EventDate "2025.03.20"]
[EventType "tourn"]
[EventRounds "9"]
[EventCountry "ENG"]
[SourceTitle "CB13_2025"]
[SourceDate "2025.03.26"]
[SourceVersion "1"]
[SourceVersionDate "2025.03.26"]
[SourceQuality "1"]

1. e4 e5 2. Nf3 Nc6 3. Bc4 Nf6 4. d3 d5 5. exd5 Nxd5 6. 0-0 Be7 7. Re1 f6 8. Nc3 Be6 9. Ne4 Qd7 10. d4 0-0-0 11. dxe5 Nxe5 12. Nxe5 fxe5 13. Bg5 Kb8 14. Bxe7 Qxe7 15. Qh5 Bc8 16. Bxd5 Rxd5 17. Nc3 Rd2 18. Rxe5 Qb4 19. Rb5 Qd4 20. Qf3 Rxc2 21. Rd1 Rd2 22. Rd5 Rxd1+ 23. Qxd1 Qxd1+ 24. Rxd1 c6 25. Re1 Rd8 26. f4 b5 27. Re7 Rd2 28. Re2 Rxe2 29. Nxe2 Kc7 30. b4 c5 31. a3 Kc6 32. Nc3 a5 33. bxa5 b4 34. axb4 cxb4 35. Nd1 Kb5 36. Kf2 Kxa5 37. Nb2 b3 38. Ke3 Kb4 39. Kd2 Bf5 40. Nd1 g6 41. g3 h5 42. Nb2 Bc2 43. Kc1 Kc3 44. Na4+ Kd3 45. Nb6 Ke3 46. Nc4+ Kf2 47. Ne5 Bf5 48. Nc6 Kg2 49. Nd4 Kxh2 50. Nxb3 Kxg3 51. Kd1 h4 52. Nd2 h3 53. Ke2 h2 54. Nf1+ Kh3 0-1

[Event "Augsburg op-A (Women)"]
[Site "Augsburg"]
[Date "2025.03.07"]
[Round "4"]
[White "Van Foreest, Machteld"]
[Black "Rogule, Laura"]
[Result "0-1"]
[WhiteElo "2352"]
[BlackElo "2241"]
[PlyCount "66"]
[EventDate "2025.03.05"]
[EventType "swiss"]
[EventRounds "9"]
[EventCountry "GER"]
[SourceTitle "CB11_2025"]
[SourceDate "2025.03.12"]
[SourceVersion "1"]
[SourceVersionDate "2025.03.12"]
[SourceQuality "1"]

1. e4 c5 2. Nf3 d6 3. d4 cxd4 4. Nxd4 Nf6 5. Nc3 a6 6. f4 g6 7. Be2 Bg7 8. Be3 Nc6 9. 0-0 0-0 10. Bf3 Rb8 11. a4 Qc7 12. Nb3 b6 13. Qe2 Na5 14. Rad1 Nc4 15. Bc1 b5 16. Kh1 b4 17. Nb1 Bd7 18. e5 Ne8 19. Rd4 Rc8 20. Bd5 Nb6 21. Re1 Nxd5 22. Rxd5 Be6 23. Rdd1 dxe5 24. fxe5 Bc4 25. Qe4 e6 26. Bf4 Bd5 27. Qxb4 Qxc2 28. N1d2 Rc4 29. Qxc4 Bxc4 30. Rc1 Bxb3 31. Rxc2 Bxc2 32. Rc1 Bxa4 33. Rc8 f6 0-1

[Event "Titled Tuesday intern op 25th Feb Early"]
[Site "Chess.com INT"]
[Date "2025.02.25"]
[Round "5"]
[White "Hasangatin, Ramil"]
[Black "Van Foreest, Machteld"]
[Result "1-0"]
[WhiteElo "2444"]
[BlackElo "2367"]
[PlyCount "28"]
[EventDate "2025.02.25"]
[EventType "swiss (blitz)"]
[EventRounds "11"]
[EventCountry "USA"]
[SourceTitle "CB10_2025"]
[SourceDate "2025.03.05"]
[SourceVersion "1"]
[SourceVersionDate "2025.03.05"]
[SourceQuality "1"]

1. e4 c5 2. Nf3 e6 3. g3 d5 4. exd5 exd5 5. d4 Nf6 6. Bg2 Nc6 7. 0-0 Be7 8. dxc5 0-0 9. Be3 Qa5 10. Nbd2 Rd8 11. Nb3 Qa4 12. c3 Ne4 13. Nfd4 Nxc5 14. Nxc5 Bxc5 1-0

[Event "Titled Tuesday intern op 25th Feb Early"]
[Site "Chess.com INT"]
[Date "2025.02.25"]
[Round "1"]
[White "Van Foreest, Machteld"]
[Black "Pyrig, Roman"]
[Result "0-1"]
[WhiteElo "2367"]
[BlackElo "2414"]
[PlyCount "120"]
[EventDate "2025.02.25"]
[EventType "swiss (blitz)"]
[EventRounds "11"]
[EventCountry "USA"]
[SourceTitle "CB10_2025"]
[SourceDate "2025.03.05"]
[SourceVersion "1"]
[SourceVersionDate "2025.03.05"]
[SourceQuality "1"]

1. e4 e5 2. Nf3 Nc6 3. d4 exd4 4. Nxd4 Nf6 5. Nxc6 bxc6 6. e5 Qe7 7. Qe2 Nd5 8. h4 a5 9. c4 Ba6 10. a3 f6 11. Rh3 fxe5 12. Bg5 Nf6 13. Nd2 0-0-0 14. Qe3 Qc5 15. Qb3 Qb6 16. Qa4 d5 17. Rb3 Qc5 18. cxd5 Bxf1 19. Be3 Bb5 20. Qxa5 Qxd5 21. Rd1 Bd6 22. a4 Bd3 23. Qxd5 cxd5 24. Rxd3 h6 25. f3 e4 26. fxe4 dxe4 27. Rc3 Bg3+ 28. Ke2 Bxh4 29. Rc4 Rhe8 30. Nb3 Rxd1 31. Kxd1 Nd5 32. Ke2 Nxe3 33. Kxe3 Bg5+ 34. Ke2 e3 35. Nd4 Bf6 36. Nb5 Re7 37. b4 Kb7 38. a5 Be5 39. Rc5 c6 40. Na3 Bd6 41. Rc4 g5 42. Nc2 h5 43. Nxe3 Bf4 44. Rc3 Re4 45. Rb3 Ka6 46. Kf3 Rd4 47. Rc3 g4+ 48. Ke2 Kb5 49. Rc5+ Kxb4 50. Rxc6 Re4 51. Rb6+ Ka4 52. a6 Rxe3+ 53. Kf2 Re7 54. Rc6 Kb5 55. Rf6 Be5 56. Rf5 Kxa6 57. Rxh5 Kb6 58. Rg5 g3+ 59. Kf3 Kc6 60. Rf5 Kd5 0-1

[Event "BL 2425 (Women)"]
[Site "Germany"]
[Date "2025.02.16"]
[Round "6.3"]
[White "Van Foreest, Machteld"]
[Black "Lach, Aleksandra"]
[Result "1-0"]
[WhiteElo "2317"]
[BlackElo "2210"]
[PlyCount "23"]
[EventDate "2024.11.16"]
[EventType "team-tourn"]
[EventRounds "11"]
[EventCountry "GER"]
[SourceTitle "CB14_2025"]
[SourceDate "2024.11.01"]
[SourceVersion "1"]
[SourceVersionDate "2024.11.01"]
[SourceQuality "1"]
[WhiteTeam "Solingen (W)"]
[BlackTeam "Harksheide (W)"]
[WhiteTeamCountry "GER"]
[BlackTeamCountry "GER"]

1. e4 e6 2. d4 d5 3. Nc3 Bb4 4. exd5 exd5 5. Bd3 Nf6 6. a3 Bxc3+ 7. bxc3 0-0 8. Ne2 Re8 9. 0-0 c5 10. dxc5 Nbd7 11. Be3 Ne4 12. Rb1 1-0

[Event "Groningen op 60th"]
[Site "Groningen"]
[Date "2024.12.27"]
[Round "6"]
[White "Mitusov, Semen"]
[Black "Van Foreest, Machteld"]
[Result "0-1"]
[WhiteElo "2465"]
[BlackElo "2309"]
[PlyCount "74"]
[EventDate "2024.12.21"]
[EventType "swiss"]
[EventRounds "9"]
[EventCountry "NED"]
[SourceTitle "CB02_2025"]
[SourceDate "2025.01.08"]
[SourceVersion "1"]
[SourceVersionDate "2025.01.08"]
[SourceQuality "1"]

1. e4 c6 2. d4 d5 3. e5 Bf5 4. Nf3 e6 5. Be2 Bg4 6. Nbd2 c5 7. 0-0 Nc6 8. h3 Bxf3 9. Nxf3 cxd4 10. a3 Nge7 11. Re1 Qc7 12. Bd3 Ng6 13. Qe2 Be7 14. b4 a6 15. Bd2 0-0 16. h4 f5 17. exf6 Rxf6 18. Bg5 Nf4 19. Qd2 Nxd3 20. cxd3 Rg6 21. h5 Bxg5 22. Nxg5 Rf6 23. Rxe6 Rxe6 24. Nxe6 Qe7 25. Nc5 Ne5 26. Qf4 b6 27. Qxd4 Rd8 28. Nb3 Qg5 29. Nd2 Rf8 30. Re1 Ng4 31. Re2 Qxh5 32. Nf1 b5 33. Re7 Qg5 34. Rd7 Rxf2 35. Ne3 Nxe3 36. Kxf2 Qxg2+ 37. Kxe3 Qg1+ 0-1

[Event "Groningen op 60th"]
[Site "Groningen"]
[Date "2024.12.26"]
[Round "5"]
[White "Van Foreest, Machteld"]
[Black "Dolzhikova, Kateryna"]
[Result "1-0"]
[WhiteElo "2309"]
[BlackElo "2322"]
[PlyCount "79"]
[EventDate "2024.12.21"]
[EventType "swiss"]
[EventRounds "9"]
[EventCountry "NED"]
[SourceTitle "CB02_2025"]
[SourceDate "2025.01.08"]
[SourceVersion "1"]
[SourceVersionDate "2025.01.08"]
[SourceQuality "1"]

1. e4 e6 2. d4 d5 3. Nc3 Nf6 4. e5 Nfd7 5. f4 c5 6. Nf3 Nc6 7. Be3 Qb6 8. Qd2 Qxb2 9. Rb1 Qa3 10. Be2 a6 11. 0-0 cxd4 12. Nxd4 Nxd4 13. Bxd4 Bc5 14. Bxc5 Qxc5+ 15. Kh1 0-0 16. Bd3 Qa5 17. Qe1 Re8 18. Rf3 Nf8 19. Qh4 Qd8 20. Qh5 g6 21. Qh6 f5 22. exf6 Qxf6 23. Nd1 Qg7 24. Qh4 e5 25. fxe5 Rxe5 26. Ne3 Be6 27. a4 b5 28. axb5 axb5 29. Qd4 Ra4 30. Qc5 Bf7 31. Rbf1 d4 32. Qc7 Ra1 33. Rxa1 Rxe3 34. Rf2 Be8 35. Qd6 Ne6 36. Raf1 Qc7 37. Qb4 Bc6 38. Bxb5 Qb8 39. Rf8+ Nxf8 40. Bc4+ 1-0

[Event "EU-Cup (Women) 28th"]
[Site "Vrnjacka Banja"]
[Date "2024.10.22"]
[Round "3.1"]
[White "Van Foreest, Machteld"]
[Black "Mammadzada, Gunay Vuqar Qizi"]
[Result "1/2-1/2"]
[WhiteElo "2303"]
[BlackElo "2426"]
[PlyCount "95"]
[EventDate "2024.10.20"]
[EventType "team-swiss"]
[EventRounds "7"]
[EventCountry "SRB"]
[SourceTitle "CB44_2024"]
[Source "Chessbase"]
[SourceDate "2024.10.30"]
[SourceVersion "1"]
[SourceVersionDate "2024.10.30"]
[SourceQuality "1"]
[WhiteTeam "Solingen (W)"]
[BlackTeam "Sremska Mitrovica Sirmium (W)"]
[WhiteTeamCountry "GER"]
[BlackTeamCountry "SRB"]

1. e4 e5 2. Nf3 Nc6 3. Bc4 Nf6 4. d3 Bc5 5. c3 d6 6. 0-0 a5 7. Bb3 0-0 8. Nbd2 Ba7 9. h3 Be6 10. Re1 h6 11. Nf1 Nh5 12. Be3 Bxe3 13. Nxe3 Nf4 14. Nd5 Ng6 15. d4 Re8 16. Qd2 a4 17. Bc2 Nce7 18. Ne3 a3 19. b3 Qc8 20. Bd3 Rd8 21. Rad1 Nf4 22. Bf1 f6 23. c4 Kh8 24. c5 dxc5 25. d5 Bf7 26. Rc1 Bh5 27. Nh4 Qd7 28. Rxc5 c6 29. Qc2 cxd5 30. Rc7 Qe8 31. exd5 Nexd5 32. Nxd5 Nxd5 33. Rxb7 Rac8 34. Qf5 Nf4 35. g3 Bg6 36. Nxg6+ Qxg6 37. Bd3 Qxf5 38. Bxf5 Rc1 39. Rxc1 Ne2+ 40. Kg2 Nxc1 41. Bb1 e4 42. Bxe4 Nxa2 43. Ra7 Nc3 44. Bg6 a2 45. b4 Rb8 46. h4 Kg8 47. h5 Kf8 48. Rf7+ 1/2-1/2

[Event "EU-Cup (Women) 28th"]
[Site "Vrnjacka Banja"]
[Date "2024.10.21"]
[Round "2.1"]
[White "Batsiashvili, Nino"]
[Black "Van Foreest, Machteld"]
[Result "1-0"]
[WhiteElo "2467"]
[BlackElo "2303"]
[PlyCount "97"]
[EventDate "2024.10.20"]
[EventType "team-swiss"]
[EventRounds "7"]
[EventCountry "SRB"]
[SourceTitle "CB44_2024"]
[Source "Chessbase"]
[SourceDate "2024.10.30"]
[SourceVersion "1"]
[SourceVersionDate "2024.10.30"]
[SourceQuality "1"]
[WhiteTeam "SuperChess (W)"]
[BlackTeam "Solingen (W)"]
[WhiteTeamCountry "ROU"]
[BlackTeamCountry "GER"]

1. d4 d5 2. Nf3 Nf6 3. Bf4 c5 4. e3 Nc6 5. Nbd2 cxd4 6. exd4 Bf5 7. Bb5 Qb6 8. c4 dxc4 9. a4 Bd3 10. Ne5 e6 11. Ndxc4 Bb4+ 12. Bd2 Bxc4 13. Nxc4 Bxd2+ 14. Qxd2 Qc7 15. Ne5 0-0 16. Bxc6 bxc6 17. 0-0 Rfd8 18. Qc3 Rac8 19. Rac1 Rd6 20. b4 Nd5 21. Qc5 Nf4 22. Rc2 f6 23. Nf3 Rd5 24. Qc4 Qf7 25. Rfc1 Qg6 26. Qf1 Rd6 27. b5 Qe4 28. Kh1 h5 29. Rc3 Qd5 30. Qe1 Qf5 31. Rxc6 Rdxc6 32. Rxc6 Rxc6 33. bxc6 Qc2 34. Qd2 Qxd2 35. Nxd2 Nd5 36. Ne4 Kf8 37. g3 Ke7 38. Kg2 f5 39. Ng5 Kd6 40. Kh3 Nc7 41. Kh4 a5 42. Kxh5 Nd5 43. Kg6 Nb6 44. c7 Kxc7 45. Nxe6+ Kd6 46. Nc5 Kd5 47. Kxg7 Kxd4 48. Nb3+ Ke4 49. h4 1-0

[Event "Olympiad Women-45"]
[Site "Budapest"]
[Date "2024.09.21"]
[Round "10.2"]
[White "Van Foreest, Machteld"]
[Black "Karimi, Setayesh"]
[Result "1-0"]
[WhiteElo "2224"]
[BlackElo "2105"]
[PlyCount "63"]
[EventDate "2024.09.11"]
[EventType "team-swiss"]
[EventRounds "11"]
[EventCountry "HUN"]
[SourceTitle "EXT 2025"]
[Source "ChessBase"]
[SourceDate "2024.10.14"]
[SourceVersion "1"]
[SourceVersionDate "2024.10.14"]
[SourceQuality "1"]
[WhiteTeam "Netherlands (W)"]
[BlackTeam "Iran (W)"]
[WhiteTeamCountry "NED"]
[BlackTeamCountry "IRI"]

1. e4 c5 2. Nf3 d6 3. Nc3 Nf6 4. e5 dxe5 5. Nxe5 Nbd7 6. d4 e6 7. Bb5 a6 8. Bxd7+ Nxd7 9. Qh5 g6 10. Qf3 Qf6 11. Bf4 g5 12. Nxd7 Kxd7 13. Be5 Qxf3 14. gxf3 Rg8 15. Ne4 Kc6 16. dxc5 f5 17. Nd6 b6 18. 0-0-0 bxc5 19. h4 g4 20. f4 Be7 21. Rd3 Ra7 22. Rhd1 a5 23. Nc4 Ba6 24. Nxa5+ Kb6 25. Rd7 Rxd7 26. Rxd7 Bxh4 27. Bc7+ Kb5 28. c4+ Kb4 29. Nc6+ Kxc4 30. b3+ Kb5 31. Rd6 c4 32. a4+ 1-0

[Event "Olympiad Women-45"]
[Site "Budapest"]
[Date "2024.09.19"]
[Round "8.2"]
[White "Paehtz, Elisabeth"]
[Black "Van Foreest, Machteld"]
[Result "1-0"]
[WhiteElo "2455"]
[BlackElo "2224"]
[PlyCount "89"]
[EventDate "2024.09.11"]
[EventType "team-swiss"]
[EventRounds "11"]
[EventCountry "HUN"]
[SourceTitle "EXT 2025"]
[Source "ChessBase"]
[SourceDate "2024.10.14"]
[SourceVersion "1"]
[SourceVersionDate "2024.10.14"]
[SourceQuality "1"]
[WhiteTeam "Germany (W)"]
[BlackTeam "Netherlands (W)"]
[WhiteTeamCountry "GER"]
[BlackTeamCountry "NED"]

1. Nf3 Nf6 2. g3 d5 3. Bg2 c5 4. 0-0 Nc6 5. d4 e6 6. c4 dxc4 7. dxc5 Qxd1 8. Rxd1 Bxc5 9. Nbd2 c3 10. bxc3 0-0 11. Nb3 Bb6 12. Ba3 Re8 13. Nfd2 e5 14. Nc4 Bc7 15. Bd6 Be6 16. Nxe5 Bxd6 17. Nxc6 Ba3 18. Ncd4 Bb2 19. Rab1 Bxb3 20. Nxb3 Bxc3 21. Bxb7 Rab8 22. Bf3 h6 23. Rbc1 Be5 24. Rc6 Re7 25. Ra6 Rb6 26. Rd8+ Kh7 27. Ra4 Bc7 28. Rd3 Bd6 29. Kg2 Rc7 30. Nd2 Bb4 31. a3 Bxd2 32. Rxd2 Nd7 33. h4 Nf6 34. Ra5 Re7 35. Rd8 Ne8 36. Ra8 Nd6 37. R8xa7 Rxa7 38. Rxa7 g5 39. a4 gxh4 40. a5 Rb5 41. Rd7 Nc4 42. a6 Ra5 43. a7 Ne5 44. Be4+ Kg7 45. Rc7 1-0

[Event "Olympiad Women-45"]
[Site "Budapest"]
[Date "2024.09.18"]
[Round "7.3"]
[White "Contreras Huaman, Fiorella Daiana"]
[Black "Van Foreest, Machteld"]
[Result "0-1"]
[WhiteElo "2168"]
[BlackElo "2224"]
[PlyCount "86"]
[EventDate "2024.09.11"]
[EventType "team-swiss"]
[EventRounds "11"]
[EventCountry "HUN"]
[SourceTitle "EXT 2025"]
[Source "ChessBase"]
[SourceDate "2024.10.14"]
[SourceVersion "1"]
[SourceVersionDate "2024.10.14"]
[SourceQuality "1"]
[WhiteTeam "Peru (W)"]
[BlackTeam "Netherlands (W)"]
[WhiteTeamCountry "PER"]
[BlackTeamCountry "NED"]

1. e4 c5 2. Nc3 Nc6 3. g3 g6 4. Bg2 Bg7 5. d3 d6 6. Nge2 e5 7. Nd5 Nge7 8. h4 h6 9. c3 Nxd5 10. exd5 Ne7 11. b4 0-0 12. Rb1 b6 13. 0-0 Bg4 14. bxc5 bxc5 15. Qc2 Qc8 16. c4 Bd7 17. Nc3 Nf5 18. Be3 Nxe3 19. fxe3 f5 20. Nb5 Rf6 21. Nc3 h5 22. Qb3 Rf8 23. Nb5 Bxb5 24. Qxb5 f4 25. Qc6 Qd8 26. Bh3 fxe3 27. Rxf8+ Qxf8 28. Rf1 e2 29. Re1 Rb8 30. Kg2 e4 31. dxe4 Rb2 32. Qd7 Bd4 33. Be6+ Kh8 34. Bf7 Qg7 35. Qe8+ Kh7 36. Kf3 Qf6+ 37. Kg2 Qf2+ 38. Kh3 Qf1+ 39. Kh2 Bg1+ 40. Kh1 Qh3+ 41. Kxg1 Qxg3+ 42. Kh1 Qxe1+ 43. Kg2 Qh1+ 0-1

[Event "Olympiad Women-45"]
[Site "Budapest"]
[Date "2024.09.12"]
[Round "2.17"]
[White "Van Foreest, Machteld"]
[Black "Zhezhovska, Monika"]
[Result "1-0"]
[WhiteElo "2224"]
[BlackElo "2106"]
[PlyCount "61"]
[EventDate "2024.09.11"]
[EventType "team-swiss"]
[EventRounds "11"]
[EventCountry "HUN"]
[SourceTitle "EXT 2025"]
[Source "ChessBase"]
[SourceDate "2024.10.14"]
[SourceVersion "1"]
[SourceVersionDate "2024.10.14"]
[SourceQuality "1"]
[WhiteTeam "Netherlands (W)"]
[BlackTeam "North Macedonia (W)"]
[WhiteTeamCountry "NED"]
[BlackTeamCountry "MKD"]

1. e4 c5 2. Nf3 Nc6 3. d4 cxd4 4. Nxd4 Nf6 5. Nc3 d6 6. Bc4 e6 7. Be3 Bd7 8. Qe2 a6 9. a4 Na5 10. Ba2 Qc7 11. 0-0 Be7 12. f4 Rc8 13. Rad1 0-0 14. Bc1 Nc4 15. Kh1 Qc5 16. e5 dxe5 17. fxe5 Nd5 18. Nxd5 exd5 19. c3 Be6 20. Bb1 Qc7 21. Rde1 Bc5 22. Bg5 Be7 23. Bc1 Qd7 24. Qd3 g6 25. Qg3 Qd8 26. Nxe6 fxe6 27. Qg4 Rc6 28. Bxg6 hxg6 29. Qxg6+ Kh8 30. Qh5+ Kg8 31. Bh6 1-0

[Event "Olympiad Women-45"]
[Site "Budapest"]
[Date "2024.09.11"]
[Round "1.17"]
[White "Randriatsiferana, Dimbiharentsoa Chri"]
[Black "Van Foreest, Machteld"]
[Result "0-1"]
[WhiteElo "1736"]
[BlackElo "2224"]
[PlyCount "54"]
[EventDate "2024.09.11"]
[EventType "team-swiss"]
[EventRounds "11"]
[EventCountry "HUN"]
[SourceTitle "EXT 2025"]
[Source "ChessBase"]
[SourceDate "2024.10.14"]
[SourceVersion "1"]
[SourceVersionDate "2024.10.14"]
[SourceQuality "1"]
[WhiteTeam "Madagascar (W)"]
[BlackTeam "Netherlands (W)"]
[WhiteTeamCountry "MAD"]
[BlackTeamCountry "NED"]

1. e4 e5 2. Nf3 Nc6 3. d4 exd4 4. Bc4 Nf6 5. e5 d5 6. Bb5 Ne4 7. Nxd4 Bd7 8. Bxc6 bxc6 9. 0-0 Bc5 10. Nc3 Nxc3 11. bxc3 0-0 12. Qh5 Qe7 13. Kh1 Rae8 14. f4 f6 15. Re1 fxe5 16. Nf3 e4 17. Ne5 Rf5 18. Qe2 Ref8 19. c4 Be8 20. cxd5 cxd5 21. g3 Bd4 22. Rb1 Bxe5 23. fxe5 Rf2 24. Qd1 Qe6 25. Be3 Qh3 26. Qxd5+ Kh8 27. Bxf2 Rxf2 0-1

[Event "London Menchik Memorial (Women)"]
[Site "London"]
[Date "2024.08.30"]
[Round "1"]
[White "Lach, Aleksandra"]
[Black "Van Foreest, Machteld"]
[Result "0-1"]
[WhiteElo "2278"]
[BlackElo "2243"]
[PlyCount "72"]
[EventDate "2024.08.30"]
[EventType "tourn"]
[EventRounds "9"]
[EventCountry "ENG"]
[SourceTitle "CBM 221 Extra"]
[Source "ChessBase"]
[SourceDate "2024.09.30"]
[SourceVersion "1"]
[SourceVersionDate "2024.09.30"]
[SourceQuality "1"]

1. d4 d5 2. Nc3 Nf6 3. Bf4 e6 4. Nb5 Na6 5. e3 c6 6. Nc3 Qb6 7. Rb1 c5 8. Nf3 Be7 9. Ne5 0-0 10. g4 cxd4 11. exd4 Nb4 12. Be3 Nd7 13. Nxd7 Bxd7 14. a3 Nc6 15. Bg2 Bf6 16. Ne2 Na5 17. 0-0 Nc4 18. Nf4 Bb5 19. Nh5 Nxe3 20. Nxf6+ gxf6 21. fxe3 Bxf1 22. Qxf1 Qd8 23. Qf4 Rc8 24. c3 Kh8 25. e4 Rg8 26. Kh1 Rg6 27. exd5 exd5 28. Qf5 Rg5 29. Qf3 Qe7 30. h4 Rg6 31. Bh3 Rh6 32. h5 Re8 33. Qxd5 f5 34. Qxf5 Qh4 35. Qf3 Rf6 36. Qd3 Rfe6 0-1